000 00488nam a2200241Ia 4500
001 068549
003 YMCAF
005 20230512160528.0
008 100717s1980 ||||||||||||||||| ||und|d
020 _a-
024 _a68549
035 _a8012
040 _aYMCAF
_beng
_cIN-KoLT
041 _aeng
100 _aANAND, MULK RAJ
245 0 _aACROSS THE BLACK WATERS
250 _a-
260 _bORIENT
_c1980
300 _a321
653 _a-
653 _a-
942 _2ddc
_cBK
999 _c5114
_d5114